The Holy Moly Story Bible: Exploring God's Awesome Word / (Record no. 49661)
| 000 -LEADER | |
|---|---|
| fixed length control field | 00391nam a2200121 4500 |
| 020 ## - INTERNATIONAL STANDARD BOOK NUMBER | |
| International Standard Book Number | 9781451499889 |
| 100 ## - MAIN ENTRY--PERSONAL NAME | |
| Personal name | Glaser, Rebecca, |
| Relator term | author. |
| 9 (RLIN) | 86788 |
| 245 ## - TITLE STATEMENT | |
| Title | The Holy Moly Story Bible: Exploring God's Awesome Word / |
| Statement of responsibility, etc | by Rebecca Glaser |
| 260 ## - PUBLICATION, DISTRIBUTION, ETC. (IMPRINT) | |
| Name of publisher, distributor, etc | Sparkhouse Family: |
| Date of publication, distribution, etc | Aug. 4 2015 |
| 300 ## - PHYSICAL DESCRIPTION | |
| Extent | 352 pages. |
| Dimensions | 18.42 x 2.54 x 24.13 cm |
| 650 ## - SUBJECT ADDED ENTRY--TOPICAL TERM | |
| 9 (RLIN) | 22503 |
| Topical term or geographic name as entry element | Bible stories. |
| 942 ## - ADDED ENTRY ELEMENTS (KOHA) | |
| Source of classification or shelving scheme | |
| Koha item type | Book |
| Withdrawn status | Lost status | Source of classification or shelving scheme | Damaged status | Not for loan | Home library | Current library | Date acquired | Total Checkouts | Full call number | Barcode | Date last seen | Price effective from | Koha item type |
|---|---|---|---|---|---|---|---|---|---|---|---|---|---|
| Logos International School | Logos International School | 10/15/2025 | J 220.9505 GLA | 041823 | 10/21/2025 | 10/15/2025 | Book |